000 00356nam a22001457a 4500
008 250709b |||||||| |||| 00| 0 eng d
020 _a9780593063118
050 _aPS3569.T33828
_b.S74
100 _aSteel Danielle
245 _aBetrayal
260 _aLondon
_bBantam Press
_c2012
300 _aX, 321p.
650 _aWoman motion picture
942 _cBK
999 _c4228
_d4228